| 000 | 00591nam a2200205 a 4500 | ||
|---|---|---|---|
| 005 | 20210223124936.0 | ||
| 008 | 030514s2004 mx r 000 0 spa d | ||
| 020 | _a9707703636 | ||
| 035 | _aUPN01000124210 | ||
| 049 | _aI | ||
| 050 | 4 |
_aGC21.5 _bC7.8 |
|
| 100 | 1 | _aCrummenerl, Rainer | |
| 245 | 1 | 0 |
_aOceanografía / _cRainer Crummenerl ; il. de Arno Kolb. |
| 260 |
_aMéxico : _bAltea _cc2004. |
||
| 300 |
_a48 p. : _bil. col. |
||
| 440 | 0 | _aCómo y por qué | |
| 650 | 4 |
_aOCEANOGRAFIA - _vLITERATURA JUVENIL _911044 |
|
| 650 | 4 |
_aOCEANO - _vLITERATURA JUVENIL _911145 |
|
| 905 | _aInfantil | ||
| 999 |
_c96389 _d96389 |
||